ՀՀ Գիտությունների ազգային ակադեմիայի հիմնարար գիտական գրադարան  =   Fundamental Scientific Library of NAS RA

Гречиха / (Record no. 458058)

MARC details
000 -LEADER
fixed length control field 00653nam a22002057a 4500
001 - CONTROL NUMBER
control field 733767
003 - CONTROL NUMBER IDENTIFIER
control field AM-YEHGA
005 - DATE AND TIME OF LATEST TRANSACTION
control field 20250617160656.0
008 - FIXED-LENGTH DATA ELEMENTS--GENERAL INFORMATION
fixed length control field 210204b ||||| |||| 00| 0 rus d
040 ## - CATALOGING SOURCE
Original cataloging agency AM-YeHGA
041 0# - LANGUAGE CODE
Language code of text/sound track or separate title rus
090 ## - LOCALLY ASSIGNED LC-TYPE CALL NUMBER (OCLC); LOCAL CALL NUMBER (RLIN)
-- 461109
100 1# - MAIN ENTRY--PERSONAL NAME
Personal name Соболева, Нина Алексеевна
245 10 - TITLE STATEMENT
Title Гречиха /
Statement of responsibility, etc. Н.А. Соболева
260 ## - PUBLICATION, DISTRIBUTION, ETC.
Place of publication, distribution, etc. Смоленск :
Name of publisher, distributor, etc. Кн. изд-во,
Date of publication, distribution, etc. 1961
300 ## - PHYSICAL DESCRIPTION
Extent 39 с.
500 ## - GENERAL NOTE
General note На обл.: Решения январского Пленума - в жизнь!
653 0# - INDEX TERM--UNCONTROLLED
Uncontrolled term Гречиха - Возделывание - Смол. обл.
942 ## - ADDED ENTRY ELEMENTS (KOHA)
Source of classification or shelving scheme Universal Decimal Classification
Koha item type Գրքեր / Books
Holdings
Withdrawn status Lost status Damaged status Not for loan Collection Home library Current library Date acquired Total checkouts Full call number Barcode Date last seen Price effective from Koha item type Public note
        General Fundamental Scientific Library Fundamental Scientific Library 04/02/2021   РII/43609 FL0636557 04/02/2021 04/02/2021 Գրքեր / Books 30 Days Loan


ՀՀ ԳԱԱ հիմնարար գիտական գրադարան
ՀՀ,Երևան 0019
Մարշալ Բաղրամյան 24/6
հեռախոս:(374-10) 52-47-50
Հետադարձ կապ

All site content, except where otherwise noted, is licensed under a
Creative Commons License